| 000 | 00660nam a22001695i 4500 | ||
|---|---|---|---|
| 001 | 54563 | ||
| 003 | ES-MaACL | ||
| 005 | 20230906162957.0 | ||
| 007 | t| | ||
| 008 | 960723s1886 xxk ||||1| eng d | ||
| 040 |
_aCAM _bspa _cCAM |
||
| 100 | 1 |
_aFreeman, Edward Augustus. _9154765 |
|
| 245 | 1 | 4 |
_aThe methods of historical study _b: eight lectures read in the university of Oxford in Michaelmas term 1884; with the inagural lecture on The office of the historical professor / _cby Edward A. Freeman. |
| 260 |
_aLondon : _bMacmillan and co., _c1886 ( _eOxford : _fprinted by Horace Hart) |
||
| 300 |
_aVI, [1], 335 p. ; _c23 cm. |
||
| 852 |
_aES-MaACL _jG-11488 |
||
| 999 |
_c54563 _d54563 |
||